LIBRARY & INFORMATION CENTRE, KCAET, TAVANUR

ONLINE PUBLIC ACCESS CATALOGUE (OPAC)

A Course in Internal Combustion Engines (S.I. Units) (Record no. 14754)

MARC details
000 -LEADER
fixed length control field 00384nam a22001457a 4500
020 ## - INTERNATIONAL STANDARD BOOK NUMBER
ISBN 8177000039
082 ## - DEWEY DECIMAL CLASSIFICATION NUMBER
Classification number 621.43
Item number ANA/CO
100 ## - MAIN ENTRY--AUTHOR NAME
Personal name Anand V. Domkundwar
100 ## - MAIN ENTRY--AUTHOR NAME
Personal name Domkundwar V.M.
245 ## - TITLE STATEMENT
Title A Course in Internal Combustion Engines (S.I. Units)
250 ## - EDITION STATEMENT
Edition statement 2 nd Rev
260 ## - PUBLICATION, DISTRIBUTION, ETC. (IMPRINT)
Place of publication Delhi
Name of publisher Dhanpat Rai and Co. (P) Ltd
Year of publication 2005
300 ## - PHYSICAL DESCRIPTION
Number of Pages B.6
942 ## - ADDED ENTRY ELEMENTS (KOHA)
Koha item type Book Bank scheme for SC students
Holdings
Withdrawn status Lost status Damaged status Collection code Home library Current library Shelving location Date acquired Source of acquisition Cost, normal purchase price Full call number Accession Number Koha item type
        KAUAET KAUAET Scheme 31/08/2016 Cosmo Books, Thrissur. 225.00 621.43 ANA/CO BB 25 Book Bank scheme for SC students
        KAUAET KAUAET Scheme 31/08/2016 Cosmo Books, Thrissur. 225.00 621.43 ANA/CO BB 26 Book Bank scheme for SC students
free website counter